| 000 | 00993nam a22002537a 4500 | ||
|---|---|---|---|
| 999 |
_c19130 _d19130 |
||
| 003 | AR-CdUCM | ||
| 008 | 190516b ||||| |||| 00| 0 spa d | ||
| 020 | _a0-07-090907-5 | ||
| 040 |
_aMUNICIPALIDAD PROVINCIAL DEL CUSCO _cBIBLIOTECA MUNICIPAL DEL CUSCO |
||
| 082 |
_a621 / _bAU88 |
||
| 100 |
_aAuslander, David _940284 |
||
| 245 | _aIntroducción a sistemas de control / | ||
| 260 |
_aMéxico : _bMcgraw-hill, _c1975. |
||
| 300 |
_a349 paginas ; _bFormulas, diagramas, _c29 cm. |
||
| 505 | _aContenido : Sistemas dinámicos -- Vectores de estado -- Ecuaciones de estado -- Solución analítica de la ecuación de estado lineal -- Sistemas de entrada salida lineal .... | ||
| 650 |
_aLa función de impulso _940285 |
||
| 650 |
_aControl y sistemas _940286 |
||
| 650 |
_aSistemas lineales _940287 |
||
| 700 |
_aTakahashii, Yasundo _920400 |
||
| 700 |
_aRabins, Michael _940288 |
||
| 700 |
_aOsuna Suarez, Jairo (Traducción) _920402 |
||
| 942 |
_2ddc _cLIBROS |
||
| 945 |
_awnts _d2019-05-16 |
||